Dünya'da ve Türkiye'de Demokratik sol (Record no. 4293)

MARC details
000 -BAŞLIK
Sabit Uzunlukta Kontrol Alanı 00861na a2200277 4500
001 - KONTROL NUMARASI
Denetim Alanı 17475
003 - KONTROL NUMARASI IDENTIFIER
Denetim Alanı MIRAKIL
005 - SON İŞLEM TARİHİ VE ZAMANI
Denetim Alanı 20181213155000.0
008 - SABİT-BOY VERİ ELEMANLARI - GENEL BİLGİLER
Sabit Uzunlukta Kontrol Alanı 161103b tu 000 0
040 ## - KATALOGLAMA KAYNAK
Orijinal Kataloglama Ajansı Milas
Kataloglama Dili tur
Metne Dönüştürmek Ajansı TR-AnCHP
041 ## - DİL KODU
Metin / Ses Parça Veya Ayrı Başlığın Dil Kodu tur
082 ## - DEWEY ONLU SINIFLANDIRMA NUMARASI
Sınıflandırma Numarası CHP 324.2172
Ürün Numarası Ö91d 1977
090 ## - SINIFLAMA NUMARASI
Sınıflama Numarası CHP 324.2172 Ö91d 1977
100 ## - ANA GİRİŞ - KİŞİSEL İSİM
Kişisel Ad Özbakır, Ethem
245 ## - BAŞLIK TABLOSU
Başlık Dünya'da ve Türkiye'de Demokratik sol
Sorumluluk Tablosu, Vb Ethem Özbakır
246 ## - UNVAN FORM VARYING
Başlık Doğru / Kısa Başlığı Demokratik sol
260 ## - YAYIN, DAĞITIM, VB
Yayın, Dağıtım, Vb Yeri Ankara
Yayıncı, Dağıtıcı, Vs Adı [yayl.y.]
Yayın, Dağıtım, Vb Tarihi 1977
Üretici Firma Kalite Matbaası
300 ## - FİZİKSEL TANIM
Kapsam 376 s.
Boyutlar 20 sm.
490 ## - SERİSİ TABLOSU
Seri Beyanı Bilim Dizisi
Hacim / Ardışık Tanımı 7
500 ## - GENEL NOT
Genel Not Dış kapak adı: Dünya'da ve Türkiye'de demokratik sol : Belgeler
610 ## - KONU KATMA GİRİŞ - TOPLANTI ADI
Giriş Elemanı Olarak Kurumsal Ad Veya Yargı Alanı Adı CHP
Genel Alt Bölüm Demokratik sol
Kronolojik Alt Bölüm Tarih
-- Belgeler
650 ## - KONU KATMA GİRİŞ - TOPİKAL DÖNEM
Topikal Süreli Veya Coğrafi Ad Giriş Elemanı İdeolojiler
650 ## - KONU KATMA GİRİŞ - TOPİKAL DÖNEM
Topikal Süreli Veya Coğrafi Ad Giriş Elemanı Sosyal demokrat partiler
Genel Alt Bölümü İdeoloji
650 ## - KONU KATMA GİRİŞ - TOPİKAL DÖNEM
Topikal Süreli Veya Coğrafi Ad Giriş Elemanı Demokratik sol
Genel Alt Bölümü Tarih
Kronolojik Alt Bölümü Belgeler
942 ## - EKLENDİ GİRİŞ ELEMANLARI (KOHA)
Sınıflandırma Veya Raf Düzeni Kaynak
Koha Öğesi Türü Books
999 ## - SİSTEM KONTROL NUMARALARI (KOHA)
Koha Biblionumber 4293
Koha Biblioitemnumber 4293
Holdings
Kalıcı Konum Mevcut Konum Edinme Tarihi Edinim Kaynak Toplam Check-Out'Lar Tam Çağrı Numarası Barkod Tarih Son Görülme İtibaren Geçerli Fiyatlar Koha Öğesi Türü Tarihi Geçen Teslim Kopya Sayısı
CHP Kütüphanesi CHP Kütüphanesi 10/25/2016 Bağış   CHP 324.2172 Ö91d 1977 007176 10/25/2016 10/25/2016 Books    
CHP Kütüphanesi CHP Kütüphanesi 10/25/2016 Bağış 1 CHP 324.2172 Ö91d 1977 007177 03/28/2022 10/25/2016 Books 03/10/2022 k.2